| 000 | 00726nam a2200217Ia 4500 | ||
|---|---|---|---|
| 001 | 21618 | ||
| 003 | GE_BSU | ||
| 008 | 181216s||||||||xx |||||||||||||| ||und|| | ||
| 040 | _cGE_BSU | ||
| 080 | _aპერიოდიკა | ||
| 245 | _aУспехи современной биологии, Том 137. №4 Июль-Август 2017. | ||
| 245 | _cГл.ред.И.А.Захаров-Гезечус и др. | ||
| 260 | _aМосква | ||
| 260 | _bНаука | ||
| 260 | _c2017 | ||
| 300 | _a431 стр. 30см. | ||
| 653 | _aПериодика | ||
| 653 | _aУспехи современной биологии, Том 137. №4 Июль-Август 2017. | ||
| 653 | _aპერიოდიკა | ||
| 942 | _cCR | ||
| 999 |
_c54553 _d54553 |
||